Decode - Paramore - Statistics

General Stats
  • This quiz has been taken 178 times
  • The average score is 214 of 245
Answer Stats
Hint Answer % Correct
Chorus | Verse 1 How
100%
how
100%
I
100%
you
100%
a
98%
what
98%
all
96%
did
96%
here
96%
my
96%
your
96%
you're
96%
can
95%
know
95%
we
95%
when
95%
get
94%
to
94%
on
93%
Pre-Chorus On
93%
so
93%
so)
93%
the
93%
Verse 2 The
93%
this
93%
time
93%
can't
92%
mind
92%
think
92%
well
92%
of
91%
used
91%
in
89%
Pre-Chorus No
89%
right
89%
but
88%
(but
88%
Chorus But
88%
not
88%
see
88%
clouding
87%
up
87%
decide
86%
what's
86%
man
85%
out
85%
own
85%
that
85%
and
84%
are
84%
at
82%
figure
82%
if
82%
is
82%
it
82%
kind
82%
one
82%
always
81%
truth
81%
win
81%
eyes
80%
fight
80%
sides
80%
taking
80%
losing
79%
yeah
79%
Breakdown Yeah
79%
blood
78%
Bridge Do
76%
do
76%
me
76%
mine
76%
pride
76%
will
76%
won't
76%
take
75%
tongue
75%
away
74%
it's
74%
ourselves
72%
be
71%
done
71%
hanging
71%
hiding
71%
we've
69%
just
67%
something
67%
boiling
66%
decode)
66%
Outro There
66%
true
66%
want
66%
ever
65%
fools
64%
kill
64%
might
64%
such
62%
love
61%
made
60%
(i'm
58%
screaming
56%
thoughts
55%
gone
48%
nor
44%
hey
13%
No matching quizzes found
Score Distribution
Percent of People with Each Score
Percentile by Number Answered
Your Score History
You have not taken this quiz